000 00526nam a22001817a 4500
005 20251108165246.0
008 250721s1924 xx 000 0 ara d
082 1 4 _aم/956.05/محم
100 1 _aعنان، محمد عبد الله
245 1 0 _aتاريخ العرب في إسبانيا /
246 1 3 _aتاريخ الأندلس
264 1 _aالقاهرة :
_c1924.
300 _a216ص
650 1 7 _aتاريخ الأندلس
650 1 7 _aالحضارة الإسلامية
942 _2ddc
_cREF
999 _c23453
_d23453